00651nam a22002177a 450000500170000001000130001702000220003003500130005203700160006504000120008108200180009310000220011124500750013326000480020827000470025630000280030350000510033165000160038265000200039870000150041820170124110006.0 aA-759182 c00.00a8171007120 aA-759182 bCen Lib/Ret aDPLbEN a362.8292bMAH aMahajan, Amarjit  aFamily violence and abuse in india /cby Amarjit Mahajan and Madhurima aNew Delhi bDeep & Deep Publications c1995 bNew Delhi aF-159, rajouri garden e110027 aviii, 181p. :c21cm(Hb) aIncludes bibliographical references and index  aWife abuse  aHuman behavior  aMadhurima